[Event "Skakliga 2007-08"]
[Site "Denmark"]
[Date "2008.01.12"]
[Round "4.6"]
[White "Hagen, Andreas Skytte"]
[Black "Bekker Jensen, Simon"]
[Result "0-1"]
[WhiteElo "2296"]
[BlackElo "2389"]
[PlyCount "56"]
[EventDate "2007.11.10"]
[EventType "team-tourn"]
[EventRounds "9"]
[EventCountry "DEN"]
[Source "ChessBase"]
[SourceDate "2003.11.25"]
[WhiteTeam "Aarhus/Skolerne"]
[BlackTeam "Helsinge"]
[WhiteTeamCountry "DEN"]
[BlackTeamCountry "DEN"]

1. c4 Nf6 2. g3 g6 3. Bg2 Bg7 4. Nc3 O-O 5. d3 d6 6. Rb1 e5 7. b4 h6 8. Nf3 Be6
9. O-O Qd7 10. b5 Bh3 11. Nd5 Bxg2 12. Kxg2 Ne8 13. Qb3 c6 14. Nc3 c5 15. Nd5
f5 16. e3 Nf6 17. Nxf6+ Bxf6 18. d4 e4 19. Ne1 Qg7 20. Nc2 Nd7 21. Rd1 g5 22.
Bb2 f4 23. dxc5 fxg3 24. fxg3 Nxc5 25. Qa3 Bxb2 26. Rxb2 Nd3 27. Rxd3 exd3 28.
Ne1 Qf6 0-1

[Event "Skakliga 2007-08"]
[Site "Denmark"]
[Date "2008.01.12"]
[Round "4.7"]
[White "Bekker Jensen, David"]
[Black "Jacobsen, Bo"]
[Result "0-1"]
[WhiteElo "2320"]
[BlackElo "2317"]
[PlyCount "106"]
[EventDate "2007.11.10"]
[EventType "team-tourn"]
[EventRounds "9"]
[EventCountry "DEN"]
[Source "ChessBase"]
[SourceDate "2003.11.25"]
[WhiteTeam "Helsinge"]
[BlackTeam "Aarhus/Skolerne"]
[WhiteTeamCountry "DEN"]
[BlackTeamCountry "DEN"]

1. d4 Nf6 2. c4 c5 3. d5 e5 4. Nc3 d6 5. e4 Be7 6. Nf3 Nbd7 7. g3 Nf8 8. Bg2
Ng6 9. O-O h5 10. h4 Bg4 11. Qa4+ Bd7 12. Qc2 O-O 13. Nh2 Qc8 14. Bf3 a6 15.
Nd1 Nh8 16. Bg5 g6 17. Bg2 Qd8 18. f4 exf4 19. Bxf4 Ne8 20. Nf2 Bf6 21. Nf3 Bg7
22. e5 Bf5 23. Qd2 dxe5 24. Nxe5 Nd6 25. Rac1 Re8 26. Rfe1 Rc8 27. b4 f6 28.
Ned3 Rxe1+ 29. Qxe1 b6 30. bxc5 bxc5 31. Be3 Qb6 32. Rb1 Qd8 33. Rb3 Nxc4 34.
Bxc5 Nf7 35. Qb4 Ncd6 36. Nf4 Qd7 37. Bf1 Ra8 38. Qb6 Ne4 39. Bd4 Nfd6 40. Bxa6
Nxf2 41. Bxf2 Qa4 42. Qxd6 Qxa6 43. Rb6 Qxa2 44. Qe7 Qa1+ 45. Kh2 Ra2 46. Kg2
Qe5 47. Qxe5 fxe5 48. Ne6 Be4+ 49. Kf1 Bd3+ 50. Kg2 Be4+ 51. Kf1 Bxd5 52. Nxg7
Kxg7 53. Rb5 Bc4+ 0-1

[Event "Skakliga 2007-08"]
[Site "Denmark"]
[Date "2008.01.12"]
[Round "4.8"]
[White "Pedersen, Finn"]
[Black "Andersson, Bjorn"]
[Result "0-1"]
[WhiteElo "2262"]
[BlackElo "2280"]
[PlyCount "90"]
[EventDate "2007.11.10"]
[EventType "team-tourn"]
[EventRounds "9"]
[EventCountry "DEN"]
[Source "ChessBase"]
[SourceDate "2003.11.25"]
[WhiteTeam "Aarhus/Skolerne"]
[BlackTeam "Helsinge"]
[WhiteTeamCountry "DEN"]
[BlackTeamCountry "DEN"]

1. e4 c5 2. Nc3 Nc6 3. g3 Nf6 4. Bg2 e6 5. Nge2 Be7 6. O-O d5 7. exd5 exd5 8.
d4 cxd4 9. Nxd4 O-O 10. Be3 Bg4 11. Qd2 Ne5 12. h3 Bd7 13. Bg5 Nc4 14. Qc1 h6
15. Bf4 Rc8 16. Rd1 Qb6 17. Nb3 Be6 18. a4 a5 19. g4 Rfd8 20. Rd3 Bd6 21. Rb1
Ne5 22. Rd1 Ng6 23. Be3 Qc7 24. Nb5 Bh2+ 25. Kh1 Qb8 26. Ba7 Qf4 27. Qxf4 Bxf4
28. Bb6 Re8 29. N5d4 Ne4 30. Kg1 Bd7 31. Ra1 Be5 32. Nxa5 Nf4 33. Nab3 h5 34.
gxh5 Bxh3 35. Bf3 Ng5 36. Bh1 Rxc2 37. Rd2 Rxd2 38. Nxd2 Bxd4 39. Bxd4 Ne2+ 40.
Kh2 Nxd4 41. Bxd5 Re2 42. Nc4 Be6 43. Bxe6 Ngxe6 44. b4 Rxf2+ 45. Kg1 Rf4 0-1

[Event "Skakliga 2007-08"]
[Site "Denmark"]
[Date "2008.01.12"]
[Round "4.1"]
[White "Teplyi, Igor"]
[Black "Pedersen, Steffen"]
[Result "0-1"]
[WhiteElo "2233"]
[BlackElo "2452"]
[PlyCount "162"]
[EventDate "2007.11.10"]
[EventType "team-tourn"]
[EventRounds "9"]
[EventCountry "DEN"]
[Source "ChessBase"]
[SourceDate "2003.11.25"]
[WhiteTeam "Nordre"]
[BlackTeam "Sydostfyn"]
[WhiteTeamCountry "DEN"]
[BlackTeamCountry "DEN"]

1. e4 c6 2. d4 d5 3. e5 Bf5 4. Nf3 e6 5. a3 h6 6. c4 dxc4 7. Bxc4 Nd7 8. Nc3
Ne7 9. h3 Nb6 10. Bb3 Qd7 11. Be3 Ned5 12. Qe2 Be7 13. O-O O-O 14. Rfd1 Rad8
15. Bd2 Nxc3 16. bxc3 c5 17. Be3 Qc7 18. Rdc1 c4 19. Bd1 Rd5 20. Bc2 Bxc2 21.
Rxc2 Ra5 22. Bc1 Rc8 23. Nd2 Nd5 24. Ne4 Qc6 25. Qg4 Kf8 26. Ng3 f5 27. Qg6 Qd7
28. Nh5 Bg5 29. Bxg5 hxg5 30. Qxg5 Ra4 31. Nf4 Nxf4 32. Qxf4 Kg8 33. Rb2 b6 34.
Rb4 Ra5 35. Qc1 Qc6 36. Qb2 Kf7 37. a4 Rc7 38. Rb5 Rxb5 39. axb5 Qe4 40. Qb4
Qd5 41. f3 Qd8 42. Qd6 Qxd6 43. exd6 Rd7 44. Kf2 f4 45. Ra4 Kf6 46. Rxc4 Rxd6
47. d5 Rxd5 48. Rxf4+ Ke7 49. Rg4 Kf6 50. c4 Rd3 51. h4 Ra3 52. Rf4+ Ke7 53. g4
a6 54. g5 axb5 55. cxb5 e5 56. Rc4 Rb3 57. Rc7+ Kf8 58. g6 Rxb5 59. Ke3 Rb4 60.
h5 Rh4 61. Rf7+ Ke8 62. Rf5 Ke7 63. Rxe5+ Kd6 64. Rg5 Rh1 65. f4 Ke6 66. Rb5
Ke7 67. Rxb6 Rxh5 68. Ke4 Ra5 69. f5 Ra1 70. Rb7+ Kf8 71. Rf7+ Kg8 72. Rc7 Kf8
73. Kd5 Rd1+ 74. Ke6 Re1+ 75. Kd7 Re7+ 76. Kd6 Rxc7 77. Kxc7 Ke7 78. Kc6 Kf6
79. Kd5 Kxf5 80. Kd4 Kxg6 81. Ke3 Kf5 0-1

[Event "Skakliga 2007-08"]
[Site "Denmark"]
[Date "2008.01.12"]
[Round "4.2"]
[White "Borbjerggaard, Lars"]
[Black "Wiwe, Andreas"]
[Result "1-0"]
[WhiteElo "2376"]
[BlackElo "2169"]
[PlyCount "91"]
[EventDate "2007.11.10"]
[EventType "team-tourn"]
[EventRounds "9"]
[EventCountry "DEN"]
[Source "ChessBase"]
[SourceDate "2003.11.25"]
[WhiteTeam "Sydostfyn"]
[BlackTeam "Nordre"]
[WhiteTeamCountry "DEN"]
[BlackTeamCountry "DEN"]

1. d4 f5 2. Nc3 Nf6 3. Bg5 d5 4. Bxf6 exf6 5. e3 Be6 6. Bd3 Nc6 7. Nce2 Qd7 8.
c3 g6 9. Qc2 Bf7 10. Nf4 O-O-O 11. h4 h5 12. Qa4 Ne5 13. Bb5 c6 14. Be2 Ng4 15.
Qxa7 Bd6 16. Nd3 Qc7 17. Nh3 Rde8 18. a4 Qe7 19. Nc5 Bxc5 20. Qxc5 Nxe3 21.
fxe3 Qxe3 22. Ng1 Re4 23. Kf1 Rhe8 24. Re1 Rf4+ 25. Nf3 g5 26. a5 g4 27. a6
gxf3 28. axb7+ Kd7 29. b8=N+ Rxb8 30. Qa7+ Kd8 31. Qxb8+ Kd7 32. Qb7+ Kd8 33.
Qb6+ Kd7 34. Qxc6+ Kxc6 35. Bb5+ Kxb5 36. Rxe3 fxg2+ 37. Kxg2 Rg4+ 38. Rg3 Re4
39. Rg7 Be8 40. Rb7+ Kc6 41. Rb4 Kd6 42. Kf3 f4 43. Rb6+ Ke7 44. Ra1 Kf7 45.
Raa6 Bd7 46. Ra7 1-0

[Event "Skakliga 2007-08"]
[Site "Denmark"]
[Date "2008.01.12"]
[Round "4.3"]
[White "Petersen, Tom Petri"]
[Black "Sorensen, Torben N"]
[Result "0-1"]
[WhiteElo "2286"]
[BlackElo "2387"]
[PlyCount "92"]
[EventDate "2007.11.10"]
[EventType "team-tourn"]
[EventRounds "9"]
[EventCountry "DEN"]
[Source "ChessBase"]
[SourceDate "2003.11.25"]
[WhiteTeam "Nordre"]
[BlackTeam "Sydostfyn"]
[WhiteTeamCountry "DEN"]
[BlackTeamCountry "DEN"]

1. g3 g6 2. Bg2 Bg7 3. Nf3 c5 4. O-O Nf6 5. d3 Nc6 6. c4 O-O 7. Nc3 a6 8. a3
Rb8 9. Rb1 b5 10. cxb5 axb5 11. b4 cxb4 12. axb4 d5 13. d4 Ne4 14. Nxe4 dxe4
15. Ng5 Qxd4 16. Nxe4 Bg4 17. Nc5 Qxd1 18. Rxd1 Nd4 19. Bf1 Bxe2 20. Rxd4 Bxf1
21. Re4 Bh3 22. Rxe7 Bf5 23. Rb3 Rfe8 24. Rxe8+ Rxe8 25. Be3 Ra8 26. Bf4 Ra2
27. Re3 Bd4 28. Re8+ Kg7 29. Be5+ Bxe5 30. Rxe5 Rb2 31. Na6 Bh3 32. Re1 Bc8 33.
Ra1 Kf6 34. Kf1 Ke5 35. Nc5 Kd4 36. Rd1+ Kc3 37. Rc1+ Rc2 38. Rb1 Bf5 39. Rb3+
Kc4 40. Kg2 Ra2 41. Kf3 Ra4 42. Ke3 Rxb4 43. Rxb4+ Kxb4 44. Kd4 Ka3 45. Nb7 b4
46. Nd6 Be6 0-1

[Event "Skakliga 2007-08"]
[Site "Denmark"]
[Date "2008.01.12"]
[Round "4.4"]
[White "Nordenbaek, Jan"]
[Black "Baekgaard, Martin"]
[Result "1-0"]
[WhiteElo "2223"]
[BlackElo "2231"]
[PlyCount "53"]
[EventDate "2007.11.10"]
[EventType "team-tourn"]
[EventRounds "9"]
[EventCountry "DEN"]
[Source "ChessBase"]
[SourceDate "2003.11.25"]
[WhiteTeam "Sydostfyn"]
[BlackTeam "Nordre"]
[WhiteTeamCountry "DEN"]
[BlackTeamCountry "DEN"]

1. d4 d5 2. c4 c6 3. Nc3 Nf6 4. Nf3 dxc4 5. a4 Bf5 6. e3 e6 7. Bxc4 Bb4 8. O-O
O-O 9. Nh4 Bg4 10. f3 Bh5 11. g4 Nd5 12. Ng2 Bg6 13. Qb3 Qb6 14. Bd2 a5 15.
Rfd1 Nd7 16. e4 Nc7 17. Be3 Rad8 18. h4 h6 19. Be2 Kh8 20. g5 hxg5 21. hxg5 c5
22. d5 exd5 23. Nxd5 Nxd5 24. Rxd5 Nb8 25. Nf4 Nc6 26. Nxg6+ fxg6 27. Kg2 1-0

[Event "Skakliga 2007-08"]
[Site "Denmark"]
[Date "2008.01.12"]
[Round "4.5"]
[White "Hoiberg, Nina"]
[Black "Rath, Ulrik"]
[Result "1/2-1/2"]
[WhiteElo "2183"]
[BlackElo "2316"]
[PlyCount "28"]
[EventDate "2007.11.10"]
[EventType "team-tourn"]
[EventRounds "9"]
[EventCountry "DEN"]
[Source "ChessBase"]
[SourceDate "2003.11.25"]
[WhiteTeam "Nordre"]
[BlackTeam "Sydostfyn"]
[WhiteTeamCountry "DEN"]
[BlackTeamCountry "DEN"]

1. e4 c5 2. Nf3 Nc6 3. Nc3 e6 4. d4 cxd4 5. Nxd4 Nf6 6. Bf4 Bb4 7. Ndb5 Nxe4 8.
Nc7+ Kf8 9. Qd3 Qf6 10. Qxe4 Bxc3+ 11. Kd1 Bxb2 12. Bd6+ Kg8 13. Rb1 Rb8 14.
Nd5 Qd4+ 1/2-1/2

[Event "Skakliga 2007-08"]
[Site "Denmark"]
[Date "2008.01.12"]
[Round "4.6"]
[White "Strandby, Martin"]
[Black "Veng, Johny"]
[Result "0-1"]
[WhiteElo "2072"]
[BlackElo "2171"]
[PlyCount "147"]
[EventDate "2007.11.10"]
[EventType "team-tourn"]
[EventRounds "9"]
[EventCountry "DEN"]
[Source "ChessBase"]
[SourceDate "2003.11.25"]
[WhiteTeam "Sydostfyn"]
[BlackTeam "Nordre"]
[WhiteTeamCountry "DEN"]
[BlackTeamCountry "DEN"]

1. d4 g6 2. Nf3 Nf6 3. c4 Bg7 4. Nc3 O-O 5. e4 d6 6. Be2 e5 7. O-O exd4 8. Nxd4
Re8 9. f3 Nc6 10. Nxc6 bxc6 11. Kh1 Be6 12. Bg5 h6 13. Be3 Nd7 14. Qd2 Kh7 15.
Rad1 c5 16. b3 Ne5 17. Nd5 Nc6 18. Nf4 a5 19. Bd3 Qc8 20. g4 a4 21. Rde1 axb3
22. axb3 Qb7 23. Rb1 Nb4 24. Rf2 Ra2 25. Qd1 Rxf2 26. Bxf2 Qa8 27. Be1 Nc6 28.
Ne2 Ne5 29. Nc3 Qb7 30. Be2 f5 31. gxf5 gxf5 32. Nd5 fxe4 33. fxe4 Bf7 34. Bh5
Bg6 35. Bxg6+ Nxg6 36. Bd2 c6 37. Nf4 Qf7 38. Qg4 Rxe4 39. Qxg6+ Qxg6 40. Nxg6
Kxg6 41. Rg1+ Kf7 42. Rf1+ Ke7 43. Rg1 Be5 44. Bxh6 Ke6 45. Bg7 Bd4 46. Bxd4
cxd4 47. Rd1 Ke5 48. b4 Re2 49. h4 d5 50. c5 Rb2 51. h5 Rxb4 52. Kg2 Kf6 53.
Rf1+ Kg5 54. h6 Rb2+ 55. Kg3 Rb3+ 56. Kg2 Rb7 57. Rd1 Kxh6 58. Rxd4 Rb5 59. Rg4
Rxc5 60. Kf2 Kh5 61. Rg8 Rc3 62. Ke2 d4 63. Kd2 c5 64. Rg7 Kh4 65. Rg8 Rg3 66.
Rc8 Rg5 67. Kd3 Kg3 68. Rf8 Re5 69. Rf1 Re3+ 70. Kd2 c4 71. Rf8 c3+ 72. Kc2
Re2+ 73. Kd1 c2+ 74. Kxe2 0-1

[Event "Skakliga 2007-08"]
[Site "Denmark"]
[Date "2008.01.12"]
[Round "4.7"]
[White "Danstrup, Niels"]
[Black "Jepsen, Thomas"]
[Result "1/2-1/2"]
[WhiteElo "2097"]
[BlackElo "2073"]
[PlyCount "31"]
[EventDate "2007.11.10"]
[EventType "team-tourn"]
[EventRounds "9"]
[EventCountry "DEN"]
[Source "ChessBase"]
[SourceDate "2003.11.25"]
[WhiteTeam "Nordre"]
[BlackTeam "Sydostfyn"]
[WhiteTeamCountry "DEN"]
[BlackTeamCountry "DEN"]

1. e4 d6 2. d4 Nf6 3. Nc3 c6 4. a4 Nbd7 5. Nf3 e5 6. Be2 Be7 7. O-O O-O 8. Be3
Re8 9. Re1 Qc7 10. Qd2 Nf8 11. Rad1 Bg4 12. h3 Bxf3 13. Bxf3 Rad8 14. Qc1 a6
15. dxe5 dxe5 16. Rxd8 1/2-1/2

[Event "Skakliga 2007-08"]
[Site "Denmark"]
[Date "2008.01.12"]
[Round "4.8"]
[White "Nielsen, Niels Peter"]
[Black "Klitgaard, Thomas"]
[Result "1/2-1/2"]
[WhiteElo "2047"]
[BlackElo "2094"]
[PlyCount "28"]
[EventDate "2007.11.10"]
[EventType "team-tourn"]
[EventRounds "9"]
[EventCountry "DEN"]
[Source "ChessBase"]
[SourceDate "2003.11.25"]
[WhiteTeam "Sydostfyn"]
[BlackTeam "Nordre"]
[WhiteTeamCountry "DEN"]
[BlackTeamCountry "DEN"]

1. e4 c5 2. c3 Nf6 3. e5 Nd5 4. d4 cxd4 5. Bc4 Nb6 6. Bb3 e6 7. cxd4 d6 8. Qe2
Nc6 9. Nf3 Be7 10. O-O O-O 11. Nc3 Bd7 12. Bf4 dxe5 13. dxe5 Nb4 14. Rfd1 Qb8
1/2-1/2

[Event "Skakliga 2007-08"]
[Site "Denmark"]
[Date "2008.01.12"]
[Round "4.1"]
[White "Kulaots, Kaido"]
[Black "Hillarp Persson, Tiger"]
[Result "1/2-1/2"]
[WhiteElo "2547"]
[BlackElo "2568"]
[PlyCount "88"]
[EventDate "2007.11.10"]
[EventType "team-tourn"]
[EventRounds "9"]
[EventCountry "DEN"]
[Source "ChessBase"]
[SourceDate "2003.11.25"]
[WhiteTeam "Aalborg"]
[BlackTeam "Bronshoj"]
[WhiteTeamCountry "DEN"]
[BlackTeamCountry "DEN"]

1. e4 c5 2. Nf3 d6 3. d4 cxd4 4. Nxd4 Nf6 5. Nc3 a6 6. Be2 e5 7. Nf3 Be7 8. Bg5
Nbd7 9. O-O O-O 10. a4 h6 11. Bh4 b6 12. Bc4 Bb7 13. Qe2 Qc7 14. Rfd1 Rfc8 15.
Nd2 g5 16. Bg3 Nf8 17. f3 Ng6 18. Bb3 Nf4 19. Qc4 d5 20. Qxc7 Rxc7 21. exd5
Bc5+ 22. Kh1 N6xd5 23. Nxd5 Nxd5 24. Nc4 Re8 25. Nxe5 Nf4 26. Nd7 Kg7 27. Nxc5
bxc5 28. Bc4 a5 29. Kg1 Rce7 30. Kf1 h5 31. h4 Kg6 32. Rd6+ Kf5 33. hxg5 Kxg5
34. Bxf4+ Kxf4 35. Kf2 f5 36. Rh1 Kg5 37. g3 f4 38. Bd3 fxg3+ 39. Kxg3 Re6 40.
Rd7 R8e7 41. Rd8 Re8 42. Rd7 R8e7 43. Rd8 Re8 44. Rd7 R8e7 1/2-1/2

[Event "Skakliga 2007-08"]
[Site "Denmark"]
[Date "2008.01.12"]
[Round "4.2"]
[White "Pilgaard, Kim"]
[Black "Pedersen, Nicolai Vesterbaek"]
[Result "0-1"]
[WhiteElo "2453"]
[BlackElo "2454"]
[PlyCount "48"]
[EventDate "2007.11.10"]
[EventType "team-tourn"]
[EventRounds "9"]
[EventCountry "DEN"]
[Source "ChessBase"]
[SourceDate "2003.11.25"]
[WhiteTeam "Bronshoj"]
[BlackTeam "Aalborg"]
[WhiteTeamCountry "DEN"]
[BlackTeamCountry "DEN"]

1. e4 e5 2. Nf3 Nc6 3. Bc4 Bc5 4. O-O Nf6 5. d4 exd4 6. e5 d5 7. exf6 dxc4 8.
Re1+ Be6 9. Ng5 g6 10. Qf3 O-O 11. Rxe6 fxe6 12. f7+ Kh8 13. Nxe6 Qe7 14. Bg5
Qxf7 15. Qxf7 Rxf7 16. Nxc5 Rf5 17. Ne4 Re8 18. Nbd2 Kg7 19. g4 Rb5 20. c3 Rxb2
21. Nxc4 Rxe4 22. f3 Rb5 23. fxe4 Rxg5 24. h3 Rc5 0-1

[Event "Skakliga 2007-08"]
[Site "Denmark"]
[Date "2008.01.12"]
[Round "4.3"]
[White "Luch, Michal"]
[Black "Hoi, Carsten"]
[Result "1-0"]
[WhiteElo "2389"]
[BlackElo "2409"]
[PlyCount "105"]
[EventDate "2007.11.10"]
[EventType "team-tourn"]
[EventRounds "9"]
[EventCountry "DEN"]
[Source "ChessBase"]
[SourceDate "2003.11.25"]
[WhiteTeam "Aalborg"]
[BlackTeam "Bronshoj"]
[WhiteTeamCountry "DEN"]
[BlackTeamCountry "DEN"]

1. d4 g6 2. Nf3 Bg7 3. g3 Nf6 4. Bg2 O-O 5. O-O d6 6. c4 Nc6 7. Nc3 e5 8. d5
Ne7 9. e4 Nd7 10. Ne1 b6 11. Bd2 f5 12. f3 f4 13. Nd3 Nc5 14. Qc2 g5 15. g4 h5
16. h3 hxg4 17. hxg4 a5 18. b3 Kf7 19. a3 Rh8 20. b4 Nxd3 21. Qxd3 Ng6 22. Nb5
a4 23. Kf2 Rh2 24. Rh1 Rxh1 25. Rxh1 Nh4 26. Rc1 Bf8 27. Kg1 Be7 28. Be1 Ng6
29. Bf2 Bd7 30. Kf1 Rc8 31. Ke2 Qh8 32. Rh1 Qg7 33. Qc2 Rh8 34. Qxa4 Rxh1 35.
Bxh1 Qh8 36. Qd1 Qc8 37. a4 Qa6 38. Qb3 Qc8 39. Bg2 Qh8 40. Qd1 Nh4 41. Kf1 Qb8
42. Kg1 Qb7 43. Bf1 Qc8 44. Be2 Kg7 45. Qb3 Qb7 46. Qc3 Qc8 47. a5 bxa5 48.
bxa5 c6 49. dxc6 Qxc6 50. a6 Bc8 51. a7 Bb7 52. Qa5 Kf6 53. Nc7 1-0

[Event "Skakliga 2007-08"]
[Site "Denmark"]
[Date "2008.01.12"]
[Round "4.4"]
[White "Bromann, Thorbjorn"]
[Black "Pedersen, Daniel V"]
[Result "1-0"]
[WhiteElo "2430"]
[BlackElo "2235"]
[PlyCount "63"]
[EventDate "2007.11.10"]
[EventType "team-tourn"]
[EventRounds "9"]
[EventCountry "DEN"]
[Source "ChessBase"]
[SourceDate "2003.11.25"]
[WhiteTeam "Bronshoj"]
[BlackTeam "Aalborg"]
[WhiteTeamCountry "DEN"]
[BlackTeamCountry "DEN"]

1. d4 d5 2. Nc3 Nf6 3. Bg5 Nbd7 4. Nf3 h6 5. Bh4 e6 6. e4 dxe4 7. Nxe4 Be7 8.
Nxf6+ Bxf6 9. Bxf6 Qxf6 10. Qd2 O-O 11. Qe3 a6 12. O-O-O b5 13. Ne5 Rd8 14. Nc6
Re8 15. Na5 Nb6 16. Bd3 Bd7 17. Qe4 g6 18. f4 Na4 19. Qe5 Kg7 20. Be4 Ra7 21.
Bf3 Rc8 22. Rd3 c6 23. b3 Nb6 24. Rc3 Rac7 25. Rd1 Be8 26. Kb2 Nd7 27. Qd6 c5
28. Bb7 b4 29. Rc4 Qd8 30. Bxc8 Rxc8 31. Nb7 Qf6 32. Nxc5 1-0

[Event "Skakliga 2007-08"]
[Site "Denmark"]
[Date "2008.01.12"]
[Round "4.5"]
[White "Nielsen, Steffen Slumstrup"]
[Black "Brinck Claussen, Bjorn"]
[Result "1-0"]
[WhiteElo "2226"]
[BlackElo "2292"]
[PlyCount "73"]
[EventDate "2007.11.10"]
[EventType "team-tourn"]
[EventRounds "9"]
[EventCountry "DEN"]
[Source "ChessBase"]
[SourceDate "2003.11.25"]
[WhiteTeam "Aalborg"]
[BlackTeam "Bronshoj"]
[WhiteTeamCountry "DEN"]
[BlackTeamCountry "DEN"]

1. e4 e6 2. d3 d5 3. Nd2 Nf6 4. Ngf3 Be7 5. g3 O-O 6. Bg2 c5 7. O-O Nc6 8. Re1
b5 9. e5 Ne8 10. Nf1 a5 11. h4 b4 12. N1h2 Ba6 13. Bg5 Nc7 14. Ng4 Kh8 15. Qd2
Nb5 16. h5 Bxg5 17. Nxg5 h6 18. Nxh6 gxh6 19. Nxe6 fxe6 20. Qxh6+ Kg8 21. Qg6+
Kh8 22. Qh6+ Kg8 23. Qxe6+ Kh8 24. Qh6+ Kg8 25. Qg6+ Kh8 26. Qh6+ Kg8 27. Qxc6
Nc7 28. Qxc5 Bc8 29. e6 Bxe6 30. Re5 Ra6 31. Rae1 Rf7 32. f4 Qd6 33. Rg5+ Kh7
34. Qe3 Qb6 35. d4 Bd7 36. Rg6 Qa7 37. f5 1-0

[Event "Skakliga 2007-08"]
[Site "Denmark"]
[Date "2008.01.12"]
[Round "4.6"]
[White "Carstensen, Jacob"]
[Black "Meyer, Lars August"]
[Result "0-1"]
[WhiteElo "2300"]
[BlackElo "2222"]
[PlyCount "132"]
[EventDate "2007.11.10"]
[EventType "team-tourn"]
[EventRounds "9"]
[EventCountry "DEN"]
[Source "ChessBase"]
[SourceDate "2003.11.25"]
[WhiteTeam "Bronshoj"]
[BlackTeam "Aalborg"]
[WhiteTeamCountry "DEN"]
[BlackTeamCountry "DEN"]

1. c4 c6 2. d4 d5 3. Nf3 Nf6 4. e3 e6 5. Bd3 Nbd7 6. O-O a6 7. c5 b6 8. cxb6
Qxb6 9. Nc3 c5 10. b3 Bb7 11. Na4 Qa7 12. Ba3 Bc6 13. Nxc5 Nxc5 14. Bxc5 Bxc5
15. dxc5 Qxc5 16. Rc1 Qb6 17. Nd4 Bd7 18. Qc2 e5 19. Nc6 e4 20. Bxe4 dxe4 21.
Ne5 Be6 22. Qb2 O-O 23. Nc6 Bd7 24. Nd4 Rac8 25. Ra1 Rfd8 26. b4 Bb5 27. Rfe1
Bd3 28. a4 Rc4 29. b5 Rcxd4 30. exd4 axb5 31. axb5 Qxb5 32. Qxb5 Bxb5 33. Ra5
Bd3 34. Rea1 Kf8 35. Ra8 Rxa8 36. Rxa8+ Ke7 37. Ra5 Kd6 38. Ra3 Bc4 39. f3 Kd5
40. fxe4+ Kxd4 41. Ra4 Nxe4 42. Ra8 h5 43. Ra4 h4 44. Ra3 g5 45. Rf3 Ke5 46.
Ra3 f5 47. Ra4 Be2 48. Ra2 Bh5 49. Ra1 g4 50. Ra8 Kf4 51. Rh8 Nf6 52. Rf8 Kg5
53. g3 Be8 54. Rh8 h3 55. Kf2 Kg6 56. Ke3 Kg7 57. Rh4 Nh5 58. Kd4 Kf6 59. Kd3
Ke5 60. Ke3 Kd5 61. Kd3 Bf7 62. Ke3 Kc4 63. Rxh5 Bxh5 64. Kf4 Bg6 65. Kg5 Bh7
66. Kh6 Bg8 0-1

[Event "Skakliga 2007-08"]
[Site "Denmark"]
[Date "2008.01.12"]
[Round "4.7"]
[White "Hjorth, Torben"]
[Black "Palm, Nikolaj"]
[Result "1/2-1/2"]
[WhiteElo "2151"]
[BlackElo "2260"]
[PlyCount "89"]
[EventDate "2007.11.10"]
[EventType "team-tourn"]
[EventRounds "9"]
[EventCountry "DEN"]
[Source "ChessBase"]
[SourceDate "2003.11.25"]
[WhiteTeam "Aalborg"]
[BlackTeam "Bronshoj"]
[WhiteTeamCountry "DEN"]
[BlackTeamCountry "DEN"]

1. e4 e5 2. Nf3 Nc6 3. Bb5 a6 4. Ba4 Nf6 5. d4 exd4 6. O-O Be7 7. Re1 O-O 8. e5
Ne8 9. c3 d6 10. exd6 Bxd6 11. h3 Bf5 12. cxd4 h6 13. Nc3 Nf6 14. a3 b5 15. Bc2
Qc8 16. Bd3 Rd8 17. Be3 Ne7 18. Rc1 Ng6 19. Bxf5 Qxf5 20. Qc2 Qxc2 21. Rxc2
Rdb8 22. Ra1 Kf8 23. g3 Ke8 24. Nd2 Ne7 25. Nde4 Nfd5 26. Nxd5 Nxd5 27. Kg2 Kd7
28. Kf3 Re8 29. Rac1 f5 30. Nxd6 cxd6 31. h4 Rac8 32. Rxc8 Rxc8 33. Rxc8 Kxc8
34. g4 fxg4+ 35. Kxg4 Kd7 36. Kf5 Ne7+ 37. Ke4 Ke6 38. Bf4 Nd5 39. Bd2 Nf6+ 40.
Kf4 Nd5+ 41. Ke4 Nf6+ 42. Kf4 g5+ 43. hxg5 hxg5+ 44. Ke3 Kf5 45. f3 1/2-1/2

[Event "Skakliga 2007-08"]
[Site "Denmark"]
[Date "2008.01.12"]
[Round "4.8"]
[White "Aabling Thomsen, Jakob"]
[Black "Nielsen, Jorgen G"]
[Result "0-1"]
[WhiteElo "2269"]
[BlackElo "2149"]
[PlyCount "146"]
[EventDate "2007.11.10"]
[EventType "team-tourn"]
[EventRounds "9"]
[EventCountry "DEN"]
[Source "ChessBase"]
[SourceDate "2003.11.25"]
[WhiteTeam "Bronshoj"]
[BlackTeam "Aalborg"]
[WhiteTeamCountry "DEN"]
[BlackTeamCountry "DEN"]

1. e4 e5 2. Nf3 Nc6 3. Bb5 Nf6 4. O-O Bc5 5. c3 O-O 6. d4 Bb6 7. Bg5 h6 8. Bh4
d6 9. Bxc6 bxc6 10. dxe5 dxe5 11. Qa4 Qd6 12. Nbd2 Nd7 13. Rfd1 Qe6 14. Qc4 Re8
15. b4 a5 16. Bg3 f6 17. Nh4 Nf8 18. Qe2 axb4 19. cxb4 Rxa2 20. Nf5 g6 21. Rxa2
Qxa2 22. Nxh6+ Kg7 23. Ng4 Ne6 24. Qf3 Rf8 25. Qb3 Qxb3 26. Nxb3 Nd4 27. Nxd4
Bxg4 28. Nf3 Ra8 29. h3 Be6 30. Rc1 Ra4 31. Rxc6 Bd7 32. Rc1 Rxb4 33. Nxe5 Bb5
34. Nf3 c6 35. e5 f5 36. Rd1 c5 37. Bh4 c4 38. Bf6+ Kf8 39. e6 Ba4 40. Rd6 Rb1+
41. Kh2 Bc7 42. Be5 Bxd6 43. Bxd6+ Ke8 44. Be5 Ke7 45. Bh8 Kxe6 46. Nd4+ Kd5
47. Ne2 Rb8 48. Nc3+ Kc5 49. Be5 Ra8 50. g4 Bd7 51. Kg3 Rf8 52. f4 Rf7 53. g5
Bc6 54. h4 Rh7 55. Bf6 Be8 56. Be5 Rd7 57. Kf2 Rd3 58. Ke2 Rh3 59. Kd2 Rxh4 60.
Ne2 Rh2 61. Ke3 Rh3+ 62. Kd2 Rd3+ 63. Kc1 Kb4 64. Nd4 Ba4 65. Bd6+ Kc3 66. Ne2+
Kb3 67. Be5 c3 68. Bf6 Kc4 69. Kb1 Rd1+ 70. Nc1 Rf1 71. Be5 Bc6 72. Kc2 Be4+
73. Nd3 Bxd3# 0-1

[Event "Skakliga 2007-08"]
[Site "Denmark"]
[Date "2008.01.12"]
[Round "4.1"]
[White "Rasmussen, Allan Stig"]
[Black "Lund, Silas"]
[Result "1-0"]
[WhiteElo "2475"]
[BlackElo "2401"]
[PlyCount "47"]
[EventDate "2007.11.10"]
[EventType "team-tourn"]
[EventRounds "9"]
[EventCountry "DEN"]
[Source "ChessBase"]
[SourceDate "2003.11.25"]
[WhiteTeam "Jetsmark"]
[BlackTeam "K41"]
[WhiteTeamCountry "DEN"]
[BlackTeamCountry "DEN"]

1. e4 e5 2. Nf3 Nc6 3. Bb5 Nf6 4. O-O Nxe4 5. d4 Nd6 6. Bxc6 dxc6 7. dxe5 Nf5
8. Qxd8+ Kxd8 9. Nc3 Ke8 10. h3 Ne7 11. Re1 Ng6 12. Ne4 h6 13. Ng3 h5 14. Ne4
h4 15. Nd4 c5 16. Nb5 Kd7 17. Ng5 Kc6 18. Nxf7 Kxb5 19. Nxh8 Nxh8 20. Bg5 Bf5
21. Bxh4 Bxc2 22. Rac1 Bd3 23. Re3 Bc4 24. a4+ 1-0